Návrh zavedenia metódy 5S na pracoviskách balenia v spoločnosti metal design slovakia a.s.
Na minha lista:
| Autor principal: | |
|---|---|
| Outros Autores: | |
| Formato: | Manuscrito Livro |
| Idioma: | eslovaco |
| Publicado em: |
2016
|
| Assuntos: | |
| Acesso em linha: | http://is.stuba.sk/zp/portal_zp.pl?podrobnosti=118248 |
| Tags: |
Sem tags, seja o primeiro a adicionar uma tag!
|
MARC
| LEADER | 00000ntm a22000003a 4500 | ||
|---|---|---|---|
| 001 | stuzp56051 | ||
| 003 | SK-STU | ||
| 005 | 20160719154907.0 | ||
| 007 | ta | ||
| 008 | 150427s2015----xo-----f-mn---000-0-slo-d | ||
| 040 | |a STU |b slo | ||
| 041 | 0 | |a slo | |
| 100 | 1 | |a Paukeje, Tomáš |u 064000 |k Z4 |4 aut |U MTF Materiálovotechnologická fakulta |T MTF Ústav priemyselného inžinierstva a manažmentu |X 45555 |U M4000 |Y 84 |7 A000045555 | |
| 242 | 0 | 1 | |a Proposal for the introduction of 5S method at packaging workplaces in the company metal design slovakia a.s. |y eng |
| 245 | 1 | 0 | |a Návrh zavedenia metódy 5S na pracoviskách balenia v spoločnosti metal design slovakia a.s. |
| 260 | |c 2016 | ||
| 650 | 4 | |a filozofia štíhlosti |2 slo | |
| 650 | 4 | |a štíhle metódy |2 slo | |
| 650 | 4 | |a 5S |2 slo | |
| 650 | 4 | |a materiálový tok |2 slo | |
| 650 | 4 | |a skladovanie |2 slo | |
| 650 | 4 | |a lean philosophy |2 eng | |
| 650 | 4 | |a LEAN methods |2 eng | |
| 650 | 4 | |a 5S |2 eng | |
| 650 | 4 | |a material flow |2 eng | |
| 650 | 4 | |a warehousing |2 eng | |
| 700 | 1 | |a Makyšová, Helena |u 064000 |k Z1 |4 ths |U MTF Materiálovotechnologická fakulta |T MTF Ústav priemyselného inžinierstva a manažmentu |X 2772 |U M4000 |Y 84 |7 A000002772 | |
| 856 | 4 | |u http://is.stuba.sk/zp/portal_zp.pl?podrobnosti=118248 | |
| 996 | |c M* DP-12715 |l MMSKP |s P |a 0 |w stuzp56051_0001 | ||
| SQL | |a stuzp56051 |b DDP |c SLO |d Návrh zavedenia metódy 5S na pracoviskách balenia v spoločnosti metal design slovakia a.s. |e 45555 |f Paukeje, Tomáš |g 064000 |h 2772 |i Makyšová, Helena |j 20160531 |k 189 |l 06 |m http://is.stuba.sk/zp/portal_zp.pl?podrobnosti=118248 |n I-PMA |o 5.2.52. priemyselné inžinierstvo | ||